[Event "GER-ch 72nd"]
[Site "Heringsdorf"]
[Date "2000.11.24"]
[Round "8"]
[White "Voekler, Bernd"]
[Black "Naiditsch, Arkadij"]
[Result "0-1"]
[WhiteElo "2345"]
[BlackElo "2449"]
[EventDate "2000.11.17"]
[PlyCount "164"]

1. e4 c5 2. Nf3 d6 3. d4 cxd4 4. Qxd4 a6 5. c4 Nc6 6. Qd2 g6 7. Nc3 Bh6 8. Qd1 Bg7 9. h3 Nf6 10. Be2 Nd7 11. Be3 Nc5 12. Nd2 O-O 13. O-O Bd7 14. Rc1 Rc8 15. a3 a5 16. Rb1 Nd4 17. Nf3 Nxe2+ 18. Qxe2 Bxc3 19. bxc3 Qc7 20. Nd2 Na4 21. Rfc1 Be6 22. Qd1 Nc5 23. Qf3 b6 24. Qg3 Nd7 25. Qg5 Rfe8 26. Qb5 Rb8 27. Rd1 Rec8 28. Qg5 f6 29. Qh6 Bxc4 30. f4 Bf7 31. Rbc1 Kh8 32. Nf3 Rg8 33. Rf1 Bc4 34. Rf2 Qc8 35. Rd1 Qf8 36. Qh4 Rd8 37. e5 Bb3 38. Rb1 a4 39. exd6 exd6 40. Bd4 Qg7 41. Re2 Rge8 42. Rbe1 Rxe2 43. Rxe2 Kg8 44. Qe1 Qf8 45. Nh2 h5 46. g4 Kf7 47. gxh5 gxh5 48. Qh4 Qh8 49. Nf3 Qh6 50. Rf2 Rg8+ 51. Kh2 Ke8 52. Rg2 Rxg2+ 53. Kxg2 Qg6+ 54. Kh2 Bd5 55. Qe1+ Kf7 56. Qe2 Qf5 57. Kg3 Be6 58. Qg2 Qg6+ 59. Kh2 Qxg2+ 60. Kxg2 Bd5 61. Kf2 Bxf3 62. Kxf3 f5 63. Kg3 b5 64. Kh4 Kg6 65. Kg3 Nc5 66. Kf3 Nb3 67. Be3 Kf6 68. Kg3 Na5 69. Kh4 Nc4 70. Bc1 Kg6 71. Kg3 d5 72. Kf3 h4 73. Ke2 Kf7 74. Kd3 Ke6 75. Be3 Nxa3 76. Bf2 Nc4 77. Kc2 d4 78. cxd4 b4 79. d5+ Kxd5 80. Bxh4 b3+ 81. Kb1 a3 82. Bf6 Nd2+ 0-1

[Event "GER-ch 72nd"]
[Site "Heringsdorf"]
[Date "2000.11.24"]
[Round "8"]
[White "Woll, Wilfried"]
[Black "Zeller, Frank"]
[Result "0-1"]
[WhiteElo "2170"]
[BlackElo "2434"]
[EventDate "2000.11.17"]
[PlyCount "76"]

1. c4 Nf6 2. g3 e6 3. Bg2 c5 4. Nf3 b6 5. Nc3 Bb7 6. O-O Be7 7. d4 cxd4 8. Qxd4 d6 9. Rd1 a6 10. e4 Nbd7 11. h3 O-O 12. Qe3 Qc7 13. b3 Rfe8 14. Bb2 Rad8 15. Rac1 Qb8 16. Nd4 Bf8 17. Qg5 h6 18. Qd2 Nc5 19. Re1 Qa8 20. Qc2 Rc8 21. a4 g6 22. Re3 h5 23. Rf1 Bg7 24. Rd1 Rcd8 25. Kh2 e5 26. Nde2 Bh6 27. f4 h4 28. Nd5 Bxd5 29. exd5 Nh5 30. b4 hxg3+ 31. Kh1 Nd7 32. fxe5 Bxe3 33. e6 Ne5 34. exf7+ Kxf7 35. Rf1+ Bf2 36. Nxg3 Nxg3+ 37. Kh2 Nxf1+ 38. Bxf1 Bh4 0-1

[Event "GER-ch 72nd"]
[Site "Heringsdorf"]
[Date "2000.11.25"]
[Round "9"]
[White "Alber, Horst"]
[Black "Sielecki, Christof"]
[Result "1/2-1/2"]
[WhiteElo "2340"]
[BlackElo "2424"]
[EventDate "2000.11.17"]
[PlyCount "96"]

1. d4 e6 2. c4 Bb4+ 3. Bd2 a5 4. Nf3 d6 5. e4 Nc6 6. Nc3 e5 7. a3 Bxc3 8. Bxc3 Bg4 9. d5 Nce7 10. h3 Bd7 11. Nxe5 dxe5 12. Bxe5 Nf6 13. Bd3 O-O 14. O-O c6 15. d6 Ng6 16. Bg3 Re8 17. Re1 Ne5 18. Bxe5 Rxe5 19. f4 Qb6+ 20. Kh2 Rh5 21. Qd2 Ng4+ 22. Kg3 Qd8 23. hxg4 Qh4+ 24. Kf3 Bxg4+ 25. Ke3 Qf6 26. Be2 Rh4 27. Qd4 Qg6 28. Kd2 Bd7 29. e5 c5 30. Qe3 Bc6 31. g3 Rh2 32. Kc3 Rh3 33. Rg1 h5 34. Bf1 Rh2 35. Bd3 Qg4 36. Rae1 b5 37. cxb5 Bd5 38. Be2 Qd7 39. Bf3 Qxb5 40. Re2 Rb8 41. Rb1 Qc4+ 42. Kd2 Rb3 43. Rc1 Rxe3 44. Rxc4 Rhxe2+ 45. Bxe2 Rxe2+ 46. Kc1 Re1+ 47. Kd2 Re2+ 48. Kc1 Re1+ 1/2-1/2

[Event "GER-ch 72nd"]
[Site "Heringsdorf"]
[Date "2000.11.25"]
[Round "9"]
[White "Bischoff, Klaus"]
[Black "Enigk, Frank"]
[Result "1-0"]
[WhiteElo "2556"]
[BlackElo "2195"]
[EventDate "2000.11.17"]
[PlyCount "125"]

1. c4 e5 2. Nc3 Nf6 3. Nf3 Nc6 4. g3 Bc5 5. Bg2 d6 6. O-O a6 7. e3 O-O 8. d3 Re8 9. a3 Ba7 10. b4 Bf5 11. h3 Qd7 12. Kh2 h6 13. Bb2 Nd8 14. Qe2 c6 15. Rad1 Bh7 16. Ne4 Qe7 17. Nxf6+ Qxf6 18. c5 Bb8 19. cxd6 Bxd6 20. Nd2 Qe7 21. Nc4 Bc7 22. Bc3 Bf5 23. Qb2 f6 24. a4 Qf7 25. b5 axb5 26. axb5 Bxd3 27. Rxd3 Qxc4 28. Rd7 Ba5 29. Bxa5 Rxa5 30. bxc6 Rb5 31. Qd2 Nxc6 32. Bd5+ Rxd5 33. Qxd5+ Qxd5 34. Rxd5 Re7 35. Rfd1 Kf7 36. Rd7 Ke8 37. Rxe7+ Kxe7 38. Rb1 Nd8 39. Kg2 Ke6 40. g4 Ke7 41. Kf3 Ke6 42. Ke4 Nf7 43. Kd3 Nd6 44. Ra1 Kd7 45. Ra8 Ke7 46. Rb8 Ke6 47. h4 f5 48. gxf5+ Kxf5 49. Rg8 Kf6 50. e4 Kf7 51. Rb8 Kf6 52. f3 Ke6 53. Kc3 g5 54. hxg5 hxg5 55. Kd3 Kf6 56. Rd8 Ke7 57. Rh8 b5 58. Rh6 Nf7 59. Rg6 Kd7 60. Kc3 Ke7 61. Kb4 Nd8 62. Kxb5 Ne6 63. Rxe6+ 1-0

[Event "GER-ch 72nd"]
[Site "Heringsdorf"]
[Date "2000.11.25"]
[Round "9"]
[White "Enders, Peter"]
[Black "Buhmann, Rainer"]
[Result "0-1"]
[WhiteElo "2468"]
[BlackElo "2416"]
[EventDate "2000.11.17"]
[PlyCount "80"]

1. e4 c5 2. Nf3 Nc6 3. d4 cxd4 4. Nxd4 Nf6 5. Nc3 e5 6. Ndb5 d6 7. Bg5 a6 8. Na3 b5 9. Bxf6 gxf6 10. Nd5 Bg7 11. Bd3 Ne7 12. Nxe7 Qxe7 13. c3 f5 14. Nc2 Bb7 15. exf5 O-O 16. Qh5 e4 17. Be2 d5 18. a3 Rad8 19. h4 Kh8 20. Qg5 Bf6 21. Qe3 Be5 22. Rd1 Qc7 23. g3 Rg8 24. Kf1 Bc8 25. Nd4 Rg7 26. Rg1 Rdg8 27. Bh5 Bf4 28. Qe1 Qe5 29. Rg2 Qf6 30. Ne2 Bb8 31. Rxd5 Bxf5 32. Kg1 Bh3 33. Rh2 Be6 34. Rg5 Rxg5 35. hxg5 Qxg5 36. Nd4 Bd5 37. Nc2 Ba7 38. Ne3 Be6 39. Ng2 Qxg3 40. Qd2 e3 0-1

[Event "GER-ch 72nd"]
[Site "Heringsdorf"]
[Date "2000.11.25"]
[Round "9"]
[White "Graf, Alexander"]
[Black "Slobodjan, Roman"]
[Result "1-0"]
[WhiteElo "2642"]
[BlackElo "2539"]
[EventDate "2000.11.17"]
[PlyCount "77"]

1. e4 e6 2. d4 d5 3. Nc3 dxe4 4. Nxe4 Nd7 5. Nf3 Ngf6 6. Nxf6+ Nxf6 7. Bg5 Be7 8. Bd3 a6 9. Qe2 c5 10. dxc5 Qa5+ 11. c3 Qxc5 12. O-O b6 13. Ne5 Bb7 14. Rfe1 Qd5 15. Qf1 Bd6 16. Bf4 Qc5 17. Rad1 Bc7 18. b4 Qe7 19. Bb5+ axb5 20. Qxb5+ Kf8 21. Nd7+ Nxd7 22. Bxc7 Ke8 23. Bxb6 Rc8 24. Bc5 Bc6 25. Qa6 Qd8 26. Rd6 Qc7 27. Rdxe6+ fxe6 28. Rxe6+ Kf7 29. Qc4 Nxc5 30. Rxc6+ Ke8 31. Rxc5 Qxc5 32. bxc5 Ke7 33. Qe4+ Kf7 34. Qf5+ Ke7 35. g4 g6 36. Qe5+ Kf7 37. Qd5+ Ke7 38. Qd6+ Kf7 39. Qd7+ 1-0

[Event "GER-ch 72nd"]
[Site "Heringsdorf"]
[Date "2000.11.25"]
[Round "9"]
[White "Heinrich, Alexander"]
[Black "Riegler, Dieter"]
[Result "1-0"]
[WhiteElo "2146"]
[BlackElo "2194"]
[EventDate "2000.11.17"]
[PlyCount "70"]

1. e4 c5 2. Nc3 Nc6 3. g3 g6 4. Bg2 Bg7 5. d3 e6 6. Be3 d6 7. f4 Nge7 8. Nf3 O-O 9. O-O b6 10. Qd2 d5 11. exd5 exd5 12. Bf2 d4 13. Ne2 Be6 14. c3 Rc8 15. c4 Rc7 16. a3 h5 17. b4 Nf5 18. bxc5 bxc5 19. Rfc1 Re8 20. Ng5 Bc8 21. Bf3 Ne3 22. Kh1 Bg4 23. Ng1 Qc8 24. Rab1 Rce7 25. Re1 Bxf3+ 26. N1xf3 Qg4 27. h3 Qc8 28. Kh2 Bf8 29. Ne4 Kg7 30. Nd6 Qa8 31. Nxe8+ Qxe8 32. Qb2 Qa8 33. Bxe3 Nb4 34. Bxd4+ Kg8 35. Rxe7 Qxf3 1-0

[Event "GER-ch 72nd"]
[Site "Heringsdorf"]
[Date "2000.11.25"]
[Round "9"]
[White "Holzhaeuer, Mathias"]
[Black "Naumann, Alexander"]
[Result "0-1"]
[WhiteElo "2362"]
[BlackElo "2489"]
[EventDate "2000.11.17"]
[PlyCount "82"]

1. e4 c5 2. Nf3 d6 3. d4 Nf6 4. Nc3 cxd4 5. Qxd4 a6 6. Be3 Nc6 7. Qb6 Qxb6 8. Bxb6 Bg4 9. Be2 Nd7 10. Be3 e6 11. Nd2 Bxe2 12. Kxe2 O-O-O 13. a4 Nf6 14. Nf3 Be7 15. Rhd1 Rd7 16. Rd2 Bd8 17. Nd4 Ne5 18. Rdd1 Ba5 19. f3 Nc4 20. Bc1 Bxc3 21. bxc3 d5 22. exd5 Nxd5 23. Kf2 Rhd8 24. Ne2 Ndb6 25. Rd4 e5 26. Rh4 a5 27. Rxh7 f6 28. h4 Rg8 29. h5 Rd1 30. h6 gxh6 31. Rb1 Nd2 32. Rb5 Rf1+ 33. Ke3 Ndc4+ 34. Ke4 Nd6+ 35. Kd3 Nxb5 36. axb5 Rxg2 37. Bxh6 Rxf3+ 38. Ke4 Rh3 39. Rh8+ Kd7 40. Rh7+ Ke6 41. Nc1 f5# 0-1

[Event "GER-ch 72nd"]
[Site "Heringsdorf"]
[Date "2000.11.25"]
[Round "9"]
[White "Meins, Gerlef"]
[Black "Paulsen, Dirk"]
[Result "1-0"]
[WhiteElo "2426"]
[BlackElo "2431"]
[EventDate "2000.11.17"]
[PlyCount "79"]

1. d4 Nf6 2. c4 c5 3. d5 b5 4. cxb5 a6 5. e3 g6 6. Nc3 Bg7 7. Nf3 O-O 8. a4 axb5 9. Bxb5 Ba6 10. O-O Bxb5 11. Nxb5 Na6 12. Re1 d6 13. e4 Nd7 14. Rb1 Nc7 15. b4 Nxb5 16. axb5 c4 17. Nd4 Qb6 18. Be3 Rfe8 19. Ne6 fxe6 20. Bxb6 Nxb6 21. dxe6 Ra3 22. Re3 Rxe3 23. fxe3 Be5 24. Rc1 Kg7 25. Qf3 Rf8 26. Qe2 Rc8 27. Qf2 Rf8 28. Qe2 Rc8 29. Qf2 Rf8 30. Qa2 Ra8 31. Qxa8 Nxa8 32. Rxc4 d5 33. exd5 Nc7 34. b6 Na6 35. b5 Nb8 36. Kf2 Bd6 37. g3 h5 38. e4 g5 39. Ke3 g4 40. Rc2 1-0

[Event "GER-ch 72nd"]
[Site "Heringsdorf"]
[Date "2000.11.25"]
[Round "9"]
[White "Mueller, Karsten"]
[Black "Stern, Rene"]
[Result "1-0"]
[WhiteElo "2513"]
[BlackElo "2493"]
[EventDate "2000.11.17"]
[PlyCount "87"]

1. d4 Nf6 2. Nf3 e6 3. Bg5 d5 4. Nbd2 Be7 5. c3 b6 6. Bxf6 Bxf6 7. e4 Bb7 8. e5 Be7 9. Bd3 c5 10. a3 Qd7 11. Qe2 a5 12. O-O Ba6 13. dxc5 Bxd3 14. Qxd3 bxc5 15. b4 O-O 16. b5 c4 17. Qb1 a4 18. Nd4 Qc7 19. f4 Nd7 20. N2f3 Nc5 21. Nc6 Nb3 22. Ra2 f5 23. Kh1 Rae8 24. Qd1 Qb6 25. Nfd4 Bc5 26. Nxe6 Rxe6 27. Qxd5 Rfe8 28. Qxc4 Be3 29. g4 Qc5 30. Qxc5 Bxc5 31. gxf5 Rh6 32. Rg2 Rf8 33. f6 Rg6 34. fxg7 Kxg7 35. f5 Rxg2 36. Kxg2 Bxa3 37. b6 Bb2 38. e6 Bxc3 39. b7 a3 40. Rf2 Nc1 41. e7 Rg8 42. b8=Q Rxb8 43. Nxb8 Kf7 44. f6 1-0

[Event "GER-ch 72nd"]
[Site "Heringsdorf"]
[Date "2000.11.25"]
[Round "9"]
[White "Reeh, Oliver"]
[Black "Siebrecht, Sebastian"]
[Result "1/2-1/2"]
[WhiteElo "2420"]
[BlackElo "2376"]
[EventDate "2000.11.17"]
[PlyCount "21"]

1. d4 d5 2. c4 c6 3. Nf3 Nf6 4. Nc3 e6 5. cxd5 exd5 6. Bg5 Be7 7. e3 O-O 8. Bd3 Nbd7 9. Qc2 Re8 10. h3 Nf8 11. O-O-O 1/2-1/2

[Event "GER-ch 72nd"]
[Site "Heringsdorf"]
[Date "2000.11.25"]
[Round "9"]
[White "Scheerer, Christoph"]
[Black "Prusikin, Michael"]
[Result "0-1"]
[WhiteElo "2140"]
[BlackElo "2460"]
[EventDate "2000.11.17"]
[PlyCount "60"]

1. e4 c5 2. c3 d5 3. exd5 Qxd5 4. d4 Nf6 5. Nf3 Bg4 6. Be2 e6 7. h3 Bh5 8. c4 Qd8 9. Qa4+ Nbd7 10. d5 exd5 11. cxd5 Bd6 12. Nc3 O-O 13. Be3 a6 14. Qh4 Re8 15. O-O-O Bg6 16. Bd3 Bxd3 17. Rxd3 b5 18. Bg5 b4 19. Nd1 Qa5 20. Bxf6 Nxf6 21. Kb1 Re4 22. g4 c4 23. Re3 b3 24. a3 Bxa3 25. Rxe4 Nxe4 26. Ng5 Nxg5 27. Qxg5 Bb4 28. Qf5 Bd2 29. Nc3 Bxc3 30. bxc3 Qa2+ 0-1

[Event "GER-ch 72nd"]
[Site "Heringsdorf"]
[Date "2000.11.25"]
[Round "9"]
[White "Schramm, Christian"]
[Black "Braun, Peter"]
[Result "1-0"]
[WhiteElo "2326"]
[BlackElo "2264"]
[EventDate "2000.11.17"]
[PlyCount "87"]

1. e4 c6 2. d4 d5 3. Nd2 dxe4 4. Nxe4 Nd7 5. Bd3 Ngf6 6. Ng5 e6 7. Qe2 Bd6 8. N1f3 h6 9. Ne4 Nxe4 10. Qxe4 Nf6 11. Qe2 b6 12. Bd2 Bb7 13. O-O-O Qc7 14. Ne5 O-O-O 15. Rhe1 Rhe8 16. f4 Kb8 17. Kb1 Ka8 18. g3 c5 19. dxc5 Bxc5 20. a3 Rc8 21. Rc1 Qe7 22. c4 Nd7 23. Nf3 a5 24. Be4 Nf6 25. Bc2 Ka7 26. Bc3 g6 27. Nd4 Red8 28. Nb5+ Ka8 29. f5 gxf5 30. Bxf5 exf5 31. Qxe7 Bxe7 32. Rxe7 Ng4 33. Bd4 Rc6 34. h3 Nh2 35. Rc3 Rg6 36. Nc7+ Ka7 37. Nd5 Nf1 38. Kc2 Ka6 39. b4 Nxg3 40. Rxg3 Rxg3 41. b5+ Ka7 42. Bxb6+ Kb8 43. Bc7+ Ka7 44. Bxd8 1-0

[Event "GER-ch 72nd"]
[Site "Heringsdorf"]
[Date "2000.11.25"]
[Round "9"]
[White "Stahr, Ralf Peter"]
[Black "Bruch, Jochen"]
[Result "1-0"]
[WhiteElo "2144"]
[BlackElo "2336"]
[EventDate "2000.11.17"]
[PlyCount "75"]

1. c4 Nf6 2. Nc3 c5 3. e4 d6 4. Nf3 a6 5. d4 cxd4 6. Nxd4 e6 7. Be2 Qc7 8. O-O Nc6 9. Be3 Ne5 10. b3 b5 11. f4 b4 12. Ndb5 axb5 13. Nxb5 Qb8 14. fxe5 dxe5 15. c5 Bd7 16. a4 bxa3 17. Rxa3 Rxa3 18. Nxa3 Qb4 19. Qc1 Bc6 20. Nc4 Nd7 21. Nd6+ Bxd6 22. cxd6 Qb7 23. Bg5 Bxe4 24. Be7 f6 25. Bh5+ Bg6 26. Bf3 e4 27. Bg4 f5 28. Be2 Kf7 29. h4 h5 30. Bc4 Ne5 31. Qe3 Rc8 32. Rc1 Qd7 33. Qd2 Qa7+ 34. Kh1 Re8 35. Bg5 Qd7 36. Ba6 Nc6 37. Bb5 e3 38. Bxe3 {time} 1-0